书目信息 |
| 题名: |
复变函数
|
|
| 作者: | 盖云英 , 包革军 编 | |
| 分册: | ||
| 出版信息: | 哈尔滨 哈尔滨工业大学出版社 1998.02 |
|
| 页数: | 259页 | |
| 开本: | 32开 | |
| 丛书名: | ||
| 单 册: | ||
| 中图分类: | O174.5 | |
| 科图分类: | ||
| 主题词: | 数学分析 | |
| 电子资源: | ||
| ISBN: | 7-5603-1059-1 | |
| 000 | 00577nam0 2200205 45 | |
| 001 | 0009082183 | |
| 005 | 20000908210549.8 | |
| 010 | @a7-5603-1059-1@d8.50元 | |
| 100 | @a20000908d1998 km y0chiy0120 ea | |
| 101 | 0 | @achi |
| 105 | @a z 000yy | |
| 200 | 1 | @a复变函数@AFu Bian Han Shu@f盖云英,包革军编@FGai Yun Ying,Bao Ge Jun Bian |
| 210 | @a哈尔滨@c哈尔滨工业大学出版社@d1998.02 | |
| 215 | @a259页@d32开 | |
| 606 | 0 | @a数学分析 |
| 690 | @aO174.5@v3 | |
| 701 | 0 | @a盖云英@4编 |
| 701 | 0 | @a包革军@4编 |
| 801 | @aCN@bPftUser@c20000908 | |
| 905 | @b129925-929@dO174.5@eG929@f5 | |
| 复变函数/盖云英,包革军编.-哈尔滨:哈尔滨工业大学出版社,1998.02 |
| 259页;32开 |
| ISBN 7-5603-1059-1:8.50元 |
| ● |
| 相关链接 |
|
|
|
正题名:复变函数
索取号:O174.5/G929
 
预约/预借
| 序号 | 登录号 | 条形码 | 馆藏地/架位号 | 状态 | 备注 |
| 1 | 129925 | 201299255 | 自科二线504/504自科库 48排2列2层/ [索取号:O174.5/G929] | 在馆 | |
| 2 | 129926 | 201299264 | 自科二线504/504自科库 48排2列2层/ [索取号:O174.5/G929] | 在馆 | |
| 3 | 129927 | 201299273 | 自科二线504/504自科库 48排2列2层/ [索取号:O174.5/G929] | 在馆 | |
| 4 | 129928 | 201299282 | 自科二线504/504自科库 48排2列2层/ [索取号:O174.5/G929] | 在馆 | |
| 5 | 129929 | 201299291 | 自科二线504/504自科库 48排2列2层/ [索取号:O174.5/G929] | 在馆 |